000
00238nam a22001097a 4500
100
_a
Rao,S. Sreenivas
245
_a
Hand Book For Writers & Editors
250
_a
2002
260
_b
Ahmedabad Management
300
_a
139
942
_2
ddc
_c
BK
999
_c
11513
_d
11513